[Event "Tbilisi Municipality Cup 2010"]
[Site "?"]
[Date "2010.05.19"]
[Round "5.30"]
[White "Lomsadze, Davit"]
[Black "Siprashvili, Ivane"]
[Result "1-0"]
[WhiteElo "2366"]
[BlackElo "2089"]
[PlyCount "63"]
[EventDate "2010.??.??"]

1. e4 e6 2. d3 d5 3. Nd2 Nf6 4. Ngf3 Be7 5. g3 b6 6. Bg2 Bb7 7. e5 Nfd7 8. O-O
c5 9. Re1 Nc6 10. Nf1 g5 11. h3 h5 12. c3 g4 13. hxg4 hxg4 14. N3h2 Ncxe5 15.
d4 Ng6 16. Nxg4 Qc7 17. Qf3 Rh7 18. a4 O-O-O 19. a5 b5 20. a6 Bc6 21. Nd2 Rdh8
22. Nb3 f5 23. Rxe6 fxg4 24. Qxg4 Ngf8 25. Bf4 Qb6 26. dxc5 Nxe6 27. cxb6 Nxf4
28. gxf4 Rh4 29. Qe6 R4h6 30. Qxe7 Rg6 31. Nd4 Rhg8 32. Nxc6 1-0

[Event "Tbilisi Municipality Cup 2010"]
[Site "?"]
[Date "2010.05.20"]
[Round "6.1"]
[White "Pantsulaia, Levan"]
[Black "Batsiashvili, Nino"]
[Result "1/2-1/2"]
[WhiteElo "2587"]
[BlackElo "2325"]
[PlyCount "100"]
[EventDate "2010.05.20"]
[SourceDate "2010.05.20"]

1. d4 d5 2. c4 e6 3. Nc3 Bb4 4. Nf3 Nf6 5. Bg5 h6 6. Bxf6 Qxf6 7. Qa4+ Nc6 8.
cxd5 exd5 9. e3 O-O 10. Be2 Be6 11. O-O a6 12. Rfc1 Bd6 13. Qd1 Ne7 14. Na4
Rae8 15. Nc5 Bc8 16. Qb3 Bxc5 17. Rxc5 c6 18. Qd1 Nf5 19. b4 Nd6 20. a4 Bg4 21.
Ne5 Bxe2 22. Qxe2 Qd8 23. g3 Re6 24. Rb1 Rfe8 25. Rcc1 f6 26. Nd3 R6e7 27. Qh5
Rf8 28. Nf4 Qe8 29. Qxe8 Rexe8 30. Rc5 g5 31. Ne2 Ne4 32. Rc2 Nd6 33. Nc1 Kg7
34. Nd3 Kg6 35. Nc5 Re7 36. Kg2 Ra8 37. Ra2 Rf8 38. Rh1 Ra8 39. h4 a5 40. bxa5
Rxa5 41. hxg5 hxg5 42. Rb2 Ra8 43. Rbb1 Ne4 44. Nxe4 dxe4 45. Rb4 g4 46. Rhb1
Rh7 47. Rd1 Ra5 48. Rdb1 Kf5 49. Rc1 Ke6 50. Rcb1 Ra8 1/2-1/2

[Event "Tbilisi Municipality Cup 2010"]
[Site "?"]
[Date "2010.05.20"]
[Round "6.2"]
[White "Gagunashvili, Merab"]
[Black "Shanava, Konstantine"]
[Result "1-0"]
[WhiteElo "2580"]
[BlackElo "2557"]
[PlyCount "116"]
[EventDate "2010.??.??"]
[SourceDate "2010.05.20"]

1. Nf3 g6 2. d4 Bg7 3. e4 d6 4. Be2 Nf6 5. Nc3 O-O 6. O-O c6 7. a4 Bg4 8. Be3
Nbd7 9. h3 Bxf3 10. Bxf3 a5 11. Be2 e5 12. Re1 Re8 13. Bf3 exd4 14. Bxd4 Nc5
15. Qd2 Qb6 16. Rad1 Rad8 17. Qc1 Qb4 18. b3 Ne6 19. Na2 Qxe1+ 20. Rxe1 Nxd4
21. Qd2 Nxf3+ 22. gxf3 d5 23. exd5 Nxd5 24. Rxe8+ Rxe8 25. c4 Nf6 26. Qxa5 Nh5
27. Qd2 Bf6 28. Nc3 Rd8 29. Qe3 Bd4 30. Qc1 Be5 31. Ne2 Rd3 32. f4 Bc7 33. Qc2
Rxh3 34. Kg2 Rh4 35. Qd2 Nxf4+ 36. Nxf4 Rg4+ 37. Kh3 Rxf4 38. Qd7 Bb6 39. Kg3
g5 40. f3 h5 41. Qxb7 Bd4 42. Qd7 Kg7 43. a5 h4+ 44. Kg2 g4 45. fxg4 Kg6 46.
Qxc6+ Kg5 47. Kh3 Rxg4 48. Qd6 Rg3+ 49. Kh2 Rd3 50. Qe7+ f6 51. Qg7+ Kf4 52.
Qh6+ Kf3 53. a6 Be5+ 54. Kh3 Ke4+ 55. Kxh4 Bg3+ 56. Kh5 Be5 57. Qg6+ f5 58.
Qg2+ Kf4 1-0

[Event "Tbilisi Municipality Cup 2010"]
[Site "?"]
[Date "2010.05.20"]
[Round "6.3"]
[White "Benidze, Davit"]
[Black "Gelashvili, Tamaz"]
[Result "1/2-1/2"]
[WhiteElo "2499"]
[BlackElo "2614"]
[PlyCount "78"]
[EventDate "2010.??.??"]
[SourceDate "2010.05.20"]

1. c4 e6 2. Nc3 Bb4 3. Qb3 Nc6 4. Nf3 Nf6 5. a3 Bxc3 6. Qxc3 a5 7. d4 h6 8. b3
d6 9. Bb2 O-O 10. g3 Re8 11. Bg2 e5 12. d5 Nb8 13. O-O Nbd7 14. Nd2 Nc5 15. Qc2
Bd7 16. e4 b5 17. b4 Na4 18. c5 c6 19. Bc1 Rc8 20. Nb3 axb4 21. axb4 cxd5 22.
exd5 e4 23. Rd1 Nb6 24. Bb2 Bg4 25. Bxf6 Qxf6 26. Rd4 Bf3 27. Bxf3 exf3 28. Qd1
Na4 29. Rf4 Qe5 30. Qxf3 dxc5 31. bxc5 Nxc5 32. Nd4 Ne4 33. Re1 Qxd4 34. Rfxe4
Rxe4 35. Rxe4 Qc5 36. Rf4 Rc7 37. Re4 Rc8 38. Rf4 Rc7 39. Re4 Rc8 1/2-1/2

[Event "Tbilisi Municipality Cup 2010"]
[Site "?"]
[Date "2010.05.20"]
[Round "6.5"]
[White "Sanikidze, Tornike"]
[Black "Khotenashvili, Bela"]
[Result "1-0"]
[WhiteElo "2569"]
[BlackElo "2410"]
[PlyCount "105"]
[EventDate "2010.??.??"]
[SourceDate "2010.05.20"]

1. d4 Nf6 2. c4 e6 3. Nf3 d5 4. Nc3 Bb4 5. cxd5 exd5 6. Bg5 h6 7. Bh4 g5 8. Bg3
Ne4 9. Nd2 Nxg3 10. hxg3 c6 11. a3 Bd6 12. e4 dxe4 13. Ndxe4 Qe7 14. Qe2 Kf8
15. O-O-O Be6 16. d5 cxd5 17. Nxd5 Bxd5 18. Rxd5 Be5 19. Nc5 Bf6 20. Qxe7+ Kxe7
21. Bc4 Rc8 22. Re1+ Kf8 23. Rf5 Kg7 24. Kb1 Na6 25. Bxa6 bxa6 26. Nd7 Bd8 27.
Re8 a5 28. g4 Rc7 29. Nf6 Bxf6 30. Rxa8 Rb7 31. Rg8+ Kxg8 32. Rxf6 Kg7 33. Ra6
Re7 34. Rxa5 Re1+ 35. Ka2 Re2 36. f3 Rxg2 37. Rxa7 Rf2 38. Rc7 Rxf3 39. b4 h5
40. gxh5 g4 41. b5 g3 42. Rc1 Rf2+ 43. Kb3 Rf3+ 44. Kb4 Rf2 45. Rg1 Rb2+ 46.
Kc4 g2 47. a4 f5 48. Kc3 Re2 49. b6 f4 50. b7 Re3+ 51. Kc4 Re4+ 52. Kc5 Re5+
53. Kd6 1-0

[Event "Tbilisi Municipality Cup 2010"]
[Site "?"]
[Date "2010.05.20"]
[Round "6.6"]
[White "Gaprindashvili, Valeriane"]
[Black "Arutinian, David"]
[Result "0-1"]
[WhiteElo "2415"]
[BlackElo "2566"]
[PlyCount "90"]
[EventDate "2010.??.??"]
[SourceDate "2010.05.20"]

1. d4 d5 2. c4 e6 3. Nc3 Bb4 4. e3 c5 5. a3 Bxc3+ 6. bxc3 Nc6 7. Nf3 Nf6 8. Bd3
O-O 9. O-O dxc4 10. Bxc4 Qc7 11. Bb2 e5 12. h3 Bf5 13. Ba2 Rad8 14. Qe2 Rfe8
15. d5 Rxd5 16. Bxd5 Nxd5 17. Rfd1 Nb6 18. e4 Be6 19. Nd2 a6 20. a4 Na5 21. Qd3
Qc6 22. Qc2 f6 23. Bc1 c4 24. Ra2 Nb3 25. a5 Na4 26. Nf1 Qb5 27. Ba3 Qxa5 28.
Bb4 Qb5 29. Ne3 a5 30. Ba3 Qc6 31. Rd6 Qc8 32. Rd1 b5 33. Nd5 Kh8 34. f3 h6 35.
Kh2 Qb8 36. Ne3 Nd4 37. Qd2 Nxc3 38. Qxc3 b4 39. Qe1 c3 40. Rf2 Rc8 41. Bc1 a4
42. Nc2 b3 43. Na3 b2 44. Bxb2 cxb2 45. Rb1 Qb3 0-1

[Event "Tbilisi Municipality Cup 2010"]
[Site "?"]
[Date "2010.05.20"]
[Round "6.7"]
[White "Jojua, Davit"]
[Black "Zaslavsky, Mikhail"]
[Result "1-0"]
[WhiteElo "2537"]
[BlackElo "2397"]
[PlyCount "95"]
[EventDate "2010.??.??"]
[SourceDate "2010.05.20"]

1. d4 Nf6 2. c4 g6 3. Nf3 Bg7 4. g3 O-O 5. Bg2 d5 6. cxd5 Nxd5 7. O-O Nc6 8.
Nc3 Nb6 9. e3 Re8 10. Re1 e5 11. d5 Na5 12. e4 c6 13. b3 cxd5 14. exd5 f5 15.
Bg5 Qd6 16. Qd2 Bd7 17. Rac1 e4 18. Bf4 Qb4 19. Ng5 h6 20. Ncxe4 Qxd2 21. Bxd2
fxe4 22. Nxe4 Nxb3 23. axb3 Nxd5 24. Nd6 Rxe1+ 25. Bxe1 Bc6 26. Rc5 Ne7 27.
Nxb7 Bxg2 28. Kxg2 Rb8 29. Rc7 Bf8 30. Na5 a6 31. Bd2 Rb5 32. Ra7 Rd5 33. Nc4
Rd3 34. Bxh6 Bxh6 35. Rxe7 Rxb3 36. Re6 Rc3 37. Rxg6+ Kh7 38. Rg4 Bf8 39. h4
Bb4 40. Nb6 Rb3 41. Nd5 Bd2 42. Nf6+ Kh6 43. h5 Bg5 44. Ne4 Be7 45. Rg6+ Kxh5
46. Rxa6 Kg4 47. Ra5 Rf3 48. Re5 1-0

[Event "Tbilisi Municipality Cup 2010"]
[Site "?"]
[Date "2010.05.20"]
[Round "6.8"]
[White "Tabatadze, Tamaz"]
[Black "Kotanjian, Tigran"]
[Result "0-1"]
[WhiteElo "2390"]
[BlackElo "2522"]
[PlyCount "51"]
[EventDate "2010.??.??"]
[SourceDate "2010.05.20"]

1. e4 c5 2. c4 Nc6 3. Nf3 e5 4. Nc3 d6 5. d3 Be7 6. g3 h5 7. Nd5 Bg4 8. h3 Bxf3
9. Qxf3 Nd4 10. Qd1 h4 11. Be2 Nf6 12. Nxe7 Qxe7 13. g4 Nh7 14. f4 exf4 15.
Bxf4 Ng5 16. Qc1 f6 17. Be3 O-O 18. Bxd4 cxd4 19. Qf4 Qe5 20. Qf2 b5 21. O-O-O
Rab8 22. cxb5 Rxb5 23. Kb1 Nxe4 24. dxe4 Rxb2+ 25. Kxb2 d3+ 26. Ka3 0-1

[Event "Tbilisi Municipality Cup 2010"]
[Site "?"]
[Date "2010.05.20"]
[Round "6.9"]
[White "Maghalashvili, Davit"]
[Black "Nikolashvili, Giorgi"]
[Result "1-0"]
[WhiteElo "2461"]
[BlackElo "2310"]
[PlyCount "61"]
[EventDate "2010.??.??"]
[SourceDate "2010.05.20"]

1. Nf3 c5 2. c4 Nf6 3. g3 b6 4. Bg2 Bb7 5. O-O e6 6. Nc3 Be7 7. Re1 d6 8. e4 a6
9. d4 cxd4 10. Nxd4 Qc7 11. Be3 Nbd7 12. f4 O-O 13. Rc1 Rfe8 14. g4 Nc5 15. Bf2
g6 16. b4 Rad8 17. Bf3 h6 18. Nd5 exd5 19. cxd5 Nfd7 20. h4 Rc8 21. bxc5 bxc5
22. Ne2 Qd8 23. Kg2 Bxh4 24. Bxh4 Qxh4 25. Rh1 Qd8 26. Rxh6 Kg7 27. g5 Rh8 28.
Qh1 Qe7 29. Qh3 Rce8 30. Rh1 Qd8 31. Bg4 1-0

[Event "Tbilisi Municipality Cup 2010"]
[Site "?"]
[Date "2010.05.20"]
[Round "6.10"]
[White "Zarkua, Davit"]
[Black "Supatashvili, Khvicha"]
[Result "1/2-1/2"]
[WhiteElo "2362"]
[BlackElo "2461"]
[PlyCount "59"]
[EventDate "2010.??.??"]
[SourceDate "2010.05.20"]

1. e4 c5 2. Nc3 Nc6 3. f4 e6 4. Nf3 a6 5. g3 d5 6. d3 Nf6 7. e5 Nd7 8. Bg2 Be7
9. O-O O-O 10. Ne2 f6 11. exf6 Nxf6 12. c4 Bd6 13. h3 Bd7 14. Be3 d4 15. Bd2 e5
16. fxe5 Nxe5 17. Nxe5 Bxe5 18. Bf4 Re8 19. Bxe5 Rxe5 20. Nf4 Qc7 21. Qd2 Re3
22. Qf2 Bc6 23. Bxc6 bxc6 24. Rae1 Rae8 25. Rxe3 Rxe3 26. Re1 g5 27. Ng2 Rxe1+
28. Qxe1 Kf7 29. g4 h6 30. Qf2 1/2-1/2

[Event "Tbilisi Municipality Cup 2010"]
[Site "?"]
[Date "2010.05.20"]
[Round "6.11"]
[White "Arabidze, Meri"]
[Black "Paichadze, Luka"]
[Result "0-1"]
[WhiteElo "2298"]
[BlackElo "2452"]
[PlyCount "74"]
[EventDate "2010.??.??"]
[SourceDate "2010.05.20"]

1. d4 Nf6 2. c4 e6 3. Nf3 Nc6 4. Bg5 Bb4+ 5. Nbd2 h6 6. Bf4 g5 7. a3 Bf8 8. Bg3
g4 9. Ne5 Nxd4 10. e3 Nc6 11. Nxg4 Nxg4 12. Qxg4 h5 13. Qe4 f5 14. Qc2 h4 15.
Bf4 e5 16. Qxf5 exf4 17. Qg6+ Ke7 18. Ne4 Rh6 19. Qg5+ Ke8 20. Qxf4 Qe7 21.
O-O-O Qe5 22. Qf3 Bg7 23. Nc3 d6 24. Bd3 Be6 25. Qe2 Qa5 26. Nd5 Ne5 27. Rd2 c6
28. Nf4 Bf7 29. Rhd1 Kf8 30. g4 hxg3 31. hxg3 b5 32. cxb5 cxb5 33. Kb1 b4 34.
Be4 Rb8 35. a4 Bc4 36. Bd3 Nxd3 37. Nxd3 Qxa4 0-1

[Event "Tbilisi Municipality Cup 2010"]
[Site "?"]
[Date "2010.05.20"]
[Round "6.12"]
[White "Guramishvili, Sopiko"]
[Black "Sulashvili, Malkhaz"]
[Result "0-1"]
[WhiteElo "2289"]
[BlackElo "2497"]
[PlyCount "106"]
[EventDate "2010.??.??"]
[SourceDate "2010.05.20"]

1. c4 e6 2. Nc3 d5 3. cxd5 exd5 4. d4 c6 5. Bf4 Bd6 6. Bg3 f5 7. e3 Nf6 8. Bd3
O-O 9. Nf3 Ne4 10. Bxd6 Qxd6 11. Qb3 Kh8 12. O-O Nd7 13. Rad1 b6 14. Ne1 Bb7
15. f3 Nxc3 16. Qxc3 c5 17. dxc5 bxc5 18. Bb5 Nb6 19. b3 a6 20. Be2 Rfe8 21.
Rf2 Rac8 22. Nc2 Re6 23. Bf1 Rce8 24. a4 h6 25. Rfd2 Qf8 26. a5 Nd7 27. b4 c4
28. Rd4 Qf6 29. Qa3 Ne5 30. R4d2 Nf7 31. Re1 f4 32. e4 Nd6 33. Nd4 R6e7 34.
Red1 dxe4 35. Qc1 e3 36. Rc2 Nb5 37. Ne2 c3 38. Rd3 Bxf3 39. gxf3 Qg6+ 40. Kh1
Qxd3 41. Nxc3 e2 42. Bxe2 Qg6 43. Ne4 Nd4 44. Bd3 Nxc2 45. Qxc2 Rd8 46. Qc4
Rxe4 47. Qxe4 Qxe4 48. Bxe4 Rb8 49. Bd3 Rxb4 50. Bxa6 Ra4 51. Bb7 Rxa5 52. Kg2
Ra2+ 53. Kh3 g5 0-1

[Event "Tbilisi Municipality Cup 2010"]
[Site "?"]
[Date "2010.05.20"]
[Round "6.13"]
[White "Muzichyk, Anna"]
[Black "Gelazonia, Parmen"]
[Result "1/2-1/2"]
[WhiteElo "2529"]
[BlackElo "2315"]
[PlyCount "106"]
[EventDate "2010.??.??"]
[SourceDate "2010.05.20"]

1. e4 e6 2. d4 d5 3. Nc3 Nf6 4. Bg5 Be7 5. e5 Nfd7 6. Bxe7 Qxe7 7. f4 a6 8. Nf3
c5 9. dxc5 Nc6 10. Qd2 Qxc5 11. Bd3 Nb6 12. O-O-O Bd7 13. g4 O-O-O 14. Rhe1 h6
15. f5 Kb8 16. Kb1 Rc8 17. Ne2 Rhe8 18. Nf4 Nc4 19. Bxc4 Qxc4 20. b3 Qc5 21.
Nd3 Qa3 22. f6 g5 23. Qc1 Qa5 24. Qd2 Qa3 25. Qc3 Na7 26. Qb4 Qxb4 27. Nxb4 a5
28. Nd3 Nb5 29. Kb2 Nc3 30. Rd2 Bb5 31. Nf2 Rc7 32. Re3 a4 33. a3 Rec8 34. Nd4
Bf1 35. Rg3 axb3 36. cxb3 Ne4 37. Nxe4 dxe4 38. Nc2 Rc5 39. Rf2 Bd3 40. Nb4 Rd8
41. Rd2 Rxe5 42. Re3 Rd7 43. Nxd3 Red5 44. Kc3 Rd4 45. h3 R7d5 46. Rd1 exd3 47.
Rdxd3 Rf4 48. Rxd5 exd5 49. Re5 Rxf6 50. Rxd5 Rf3+ 51. Rd3 Rf2 52. Kc4 f5 53.
gxf5 Rxf5 1/2-1/2

[Event "Tbilisi Municipality Cup 2010"]
[Site "?"]
[Date "2010.05.20"]
[Round "6.14"]
[White "Nigalidze, Gaioz"]
[Black "Beradze, Irakli"]
[Result "1-0"]
[WhiteElo "2489"]
[BlackElo "2223"]
[PlyCount "47"]
[EventDate "2010.??.??"]
[SourceDate "2010.05.20"]

1. d4 d5 2. c4 dxc4 3. e3 Nf6 4. Bxc4 e6 5. Nc3 c5 6. Nf3 a6 7. O-O b5 8. Bd3
Bb7 9. dxc5 Bxc5 10. Qe2 Nc6 11. a3 Nd5 12. Nxd5 Qxd5 13. Rd1 O-O-O 14. e4 Qh5
15. Bf4 f6 16. Rac1 Bd6 17. e5 fxe5 18. Bg5 e4 19. Qxe4 Bxh2+ 20. Nxh2 Qxg5 21.
Rxc6+ Kb8 22. Rb6 Rd7 23. Be2 Rhd8 24. Rxd7 1-0

[Event "Tbilisi Municipality Cup 2010"]
[Site "?"]
[Date "2010.05.20"]
[Round "6.15"]
[White "Zeynalov, Farid Fariz Ogl"]
[Black "Babujian, Levon"]
[Result "1/2-1/2"]
[WhiteElo "2320"]
[BlackElo "2484"]
[PlyCount "96"]
[EventDate "2010.??.??"]
[SourceDate "2010.05.20"]

1. d4 Nf6 2. Bg5 c6 3. Bxf6 exf6 4. c4 g6 5. Nc3 d6 6. e3 f5 7. g3 h5 8. h4 Bh6
9. Bg2 O-O 10. Nge2 Nd7 11. O-O Nf6 12. Nf4 Qe7 13. Re1 Re8 14. b4 a6 15. Rc1
Bd7 16. d5 Ne4 17. Nxe4 fxe4 18. c5 Rad8 19. Rc4 Bf5 20. dxc6 dxc5 21. Qc1 Bxf4
22. exf4 cxb4 23. cxb7 Qxb7 24. Qb1 a5 25. Bxe4 Qe7 26. Re3 Qa7 27. Qc1 Be6 28.
Rc7 Qd4 29. Bb1 Bg4 30. Bxg6 Kh8 31. Bxf7 Rxe3 32. Qxe3 Qxe3 33. fxe3 a4 34.
Ra7 a3 35. Bb3 Rd3 36. Ra4 Rxe3 37. Rxb4 Rxg3+ 38. Kf2 Rf3+ 39. Kg2 Kg7 40. Ra4
Kf6 41. Rxa3 Rxf4 42. Ra4 Rf3 43. Bd1 Rd3 44. Bxg4 hxg4 45. Rf4+ Ke5 46. Rxg4
Ra3 47. h5 Kf5 48. Rg3 Rxa2+ 1/2-1/2

[Event "Tbilisi Municipality Cup 2010"]
[Site "?"]
[Date "2010.05.20"]
[Round "6.16"]
[White "Yegizarian, Arsen"]
[Black "Isgandarova, Khayala I.gi"]
[Result "1-0"]
[WhiteElo "2475"]
[BlackElo "2209"]
[PlyCount "53"]
[EventDate "2010.??.??"]
[SourceDate "2010.05.20"]

1. d4 Nf6 2. Nf3 g6 3. g3 Bg7 4. Bg2 O-O 5. O-O d6 6. Nc3 Nbd7 7. e4 e5 8. a4
exd4 9. Nxd4 Re8 10. Re1 Nc5 11. h3 c6 12. a5 h6 13. Ra3 Nh7 14. b4 Ne6 15.
Nxe6 Rxe6 16. Ne2 Nf6 17. Nf4 Re8 18. Rd3 Qc7 19. Rxd6 g5 20. Bb2 Nd5 21. Bxg7
Qxd6 22. Nh5 Qg6 23. exd5 Rxe1+ 24. Qxe1 Qxh5 25. Bd4 f6 26. dxc6 Qf7 27. Qe4
1-0

[Event "Tbilisi Municipality Cup 2010"]
[Site "?"]
[Date "2010.05.20"]
[Round "6.17"]
[White "Mgeladze, Tamaz"]
[Black "Melia, Salome"]
[Result "0-1"]
[WhiteElo "2307"]
[BlackElo "2466"]
[PlyCount "112"]
[EventDate "2010.??.??"]
[SourceDate "2010.05.20"]

1. c4 e6 2. g3 Nf6 3. Bg2 d5 4. Nf3 Be7 5. b3 O-O 6. Bb2 b6 7. O-O Bb7 8. e3
Nbd7 9. Nc3 c5 10. Qe2 Qc7 11. Rfd1 Rad8 12. Rac1 Qb8 13. cxd5 Nxd5 14. d4 Qa8
15. Nxd5 Bxd5 16. Ne1 Bxg2 17. Nxg2 Bf6 18. Ba3 Be7 19. e4 Rfe8 20. dxc5 Nxc5
21. Rc4 Bf8 22. f3 Rxd1+ 23. Qxd1 Rd8 24. Qc2 Qb7 25. Bb2 Nd3 26. Rd4 Nb4 27.
Qf2 Rxd4 28. Bxd4 Qa6 29. Ne1 Qxa2 30. Qxa2 Nxa2 31. Nd3 Nb4 32. Nc1 Nc2 33.
Bc3 Bb4 34. Bb2 Bc5+ 35. Kf1 Bd4 36. Bxd4 Nxd4 37. Kf2 e5 38. f4 f6 39. fxe5
fxe5 40. Nd3 Nc6 41. Kf3 Kf7 42. Kg4 Ke6 43. b4 Kd6 44. h4 Nd4 45. Kg5 Ne2 46.
Kg4 Nc3 47. Kf3 a5 48. bxa5 bxa5 49. Ke3 a4 50. Ne1 a3 51. Kd3 a2 52. Nc2 Nb5
53. Na1 Kc5 54. g4 Kb4 55. Kc2 Ka3 56. Kc1 Nd4 0-1

[Event "Tbilisi Municipality Cup 2010"]
[Site "?"]
[Date "2010.05.20"]
[Round "6.18"]
[White "Bagaturov, Giorgi"]
[Black "Iskandarov, Misratdin M.O"]
[Result "1-0"]
[WhiteElo "2453"]
[BlackElo "2175"]
[PlyCount "193"]
[EventDate "2010.??.??"]
[SourceDate "2010.05.20"]

1. d4 g6 2. e4 Bg7 3. Nc3 c6 4. f4 d5 5. e5 h5 6. Nf3 Nh6 7. Be3 Bf5 8. Qd2 e6
9. h3 Bf8 10. O-O-O b5 11. Ng5 Nd7 12. Be2 h4 13. Bf2 Qa5 14. Bxh4 b4 15. Nb1
Qxa2 16. g4 a5 17. gxf5 Nxf5 18. Bf2 a4 19. c4 dxc4 20. Qc2 Nb6 21. d5 cxd5 22.
Bxb6 b3 23. Qc3 a3 24. Ne4 dxe4 25. Bxc4 Bh6 26. Bxb3 Bxf4+ 27. Kc2 Qxb2+ 28.
Qxb2 axb2 29. Bc5 Be3 30. Bd6 Bd4 31. Nc3 Ne3+ 32. Kxb2 Nxd1+ 33. Rxd1 Bxc3+
34. Kxc3 Rxh3+ 35. Kb4 e3 36. Ba4+ Kd8 37. Bb5 Ra2 38. Kc5 e2 39. Re1 Rc2+ 40.
Kb6 Rb3 41. Rh1 Rxb5+ 42. Kxb5 Kd7 43. Bb4 g5 44. Re1 g4 45. Rg1 Rc8 46. Re1
Rc2 47. Ka4 Rc4 48. Rxe2 Rf4 49. Kb5 f6 50. Bc3 fxe5 51. Bxe5 Rf5 52. Kc4 Ke7
53. Kd4 Rf3 54. Rg2 Ra3 55. Ke4 Ra4+ 56. Bd4 Kd6 57. Rxg4 Rb4 58. Rg5 Ra4 59.
Rb5 Ra2 60. Rb6+ Kd7 61. Rb7+ Kc6 62. Rb3 Re2+ 63. Be3 Re1 64. Rd3 Re2 65. Ke5
Kb5 66. Kd4 e5+ 67. Kxe5 Kc4 68. Ke4 Rh2 69. Rd8 Rh4+ 70. Bf4 Rh5 71. Rd4+ Kc5
72. Rd1 Kc6 73. Rd6+ Kc5 74. Rd2 Kc6 75. Be3 Rh4+ 76. Ke5 Rh3 77. Rc2+ Kd7 78.
Ke4 Rh5 79. Bf4 Rh1 80. Kf5 Rf1 81. Rc7+ Kd8 82. Rh7 Rf2 83. Ke5 Ke8 84. Ra7
Kf8 85. Bh6+ Kg8 86. Ke6 Re2+ 87. Kf6 Rf2+ 88. Kg6 Rg2+ 89. Bg5 Rf2 90. Rb7 Rf1
91. Bf6 Rg1+ 92. Kf5 Rf1+ 93. Ke6 Re1+ 94. Be5 Re2 95. Rg7+ Kf8 96. Rg1 Re4 97.
Rf1+ 1-0

[Event "Tbilisi Municipality Cup 2010"]
[Site "?"]
[Date "2010.05.20"]
[Round "6.19"]
[White "Khurtsidze, Nino"]
[Black "Eranyan, Khachatur"]
[Result "1/2-1/2"]
[WhiteElo "2448"]
[BlackElo "2055"]
[PlyCount "48"]
[EventDate "2010.??.??"]
[SourceDate "2010.05.20"]

1. c4 e6 2. d4 d5 3. cxd5 exd5 4. Nc3 c6 5. Nf3 Bd6 6. Bg5 Ne7 7. e3 Bf5 8. Be2
Nd7 9. O-O O-O 10. Nh4 Be6 11. e4 dxe4 12. Nxe4 Qc7 13. Bd3 h6 14. Bxe7 Bxe7
15. Qh5 Nf6 16. Nxf6+ Bxf6 17. Rae1 Qf4 18. Ng6 fxg6 19. Qxg6 Qg4 20. Rxe6 Qxe6
21. Bf5 Qe2 22. Bd3 Qe6 23. Bf5 Qe2 24. Bd3 Qe6 1/2-1/2

[Event "Tbilisi Municipality Cup 2010"]
[Site "?"]
[Date "2010.05.20"]
[Round "6.20"]
[White "Azaladze, Shota"]
[Black "Quparadze, Giga"]
[Result "1-0"]
[WhiteElo "2432"]
[BlackElo "2348"]
[PlyCount "137"]
[EventDate "2010.??.??"]
[SourceDate "2010.05.20"]

1. g3 c5 2. Bg2 Nf6 3. c4 g6 4. b3 Bg7 5. Bb2 O-O 6. Nc3 d6 7. Nh3 Nc6 8. Nf4
Bf5 9. O-O Qd7 10. Qc1 e5 11. Nfd5 Nxd5 12. Nxd5 Rae8 13. d3 Bh3 14. e4 Be6 15.
Qd2 f5 16. exf5 Bxf5 17. Bc3 Bh3 18. Rae1 Bxg2 19. Kxg2 Rf5 20. Qe2 Ref8 21.
Qe4 Qf7 22. f3 Qd7 23. a3 Nd8 24. Bd2 Ne6 25. Be3 Kh8 26. Rf2 Bf6 27. b4 Bg5
28. bxc5 Bxe3 29. Qxe3 Nxc5 30. d4 Ne6 31. dxe5 Rxe5 32. Qc3 Qg7 33. Rfe2 Nd4
34. Re3 Nc6 35. Rxe5 dxe5 36. Qe3 Qf7 37. Qe4 Kg8 38. Re3 Re8 39. Qh4 Rf8 40.
Qe4 Rd8 41. Rd3 Kg7 42. g4 Rd6 43. Rb3 Rd7 44. Rb2 Qe6 45. h3 Qd6 46. Re2 Qxa3
47. f4 exf4 48. Qxf4 Qd6 49. Qe3 Rf7 50. Qc3+ Kg8 51. g5 Rf5 52. Re8+ Kf7 53.
Qh8 Rxg5+ 54. Kh1 Rxd5 55. Qg8+ Kf6 56. cxd5 Kg5 57. dxc6 Qd1+ 58. Kg2 Qc2+ 59.
Kf1 Qd1+ 60. Kf2 Qc2+ 61. Re2 Qc5+ 62. Re3 Qf5+ 63. Kg2 bxc6 64. Qd8+ Kh5 65.
Qe7 Kh6 66. Qe5 Qc2+ 67. Kg3 Qa2 68. Qf4+ g5 69. Qf8+ 1-0

[Event "Tbilisi Municipality Cup 2010"]
[Site "?"]
[Date "2010.05.20"]
[Round "6.21"]
[White "Umudova, Nargiz"]
[Black "Chigladze, Iveri"]
[Result "1-0"]
[WhiteElo "2211"]
[BlackElo "2386"]
[PlyCount "101"]
[EventDate "2010.??.??"]
[SourceDate "2010.05.20"]

1. e4 Nf6 2. e5 Nd5 3. d4 d6 4. c4 Nb6 5. exd6 cxd6 6. Nc3 g6 7. Be3 Bg7 8. Rc1
O-O 9. b3 h6 10. Qd2 Kh7 11. Bd3 e5 12. d5 f5 13. f4 N8d7 14. Nge2 Nf6 15. h3
Qe7 16. Nb5 Bd7 17. Nxa7 Qd8 18. Qa5 Nbxd5 19. Qxd8 Rfxd8 20. cxd5 Nxd5 21. Bg1
exf4 22. a4 Nb4 23. Kd2 Nxd3 24. Kxd3 g5 25. Bb6 Re8 26. Rc7 Re7 27. Nc3 Rae8
28. Nd5 Re5 29. Nf6+ Bxf6 30. Rxd7+ Kg6 31. Rxd6 R8e6 32. Rxe6 Rxe6 33. a5 g4
34. Rc1 Bg5 35. Nb5 Re5 36. Nc3 Kh5 37. b4 Re6 38. Bc5 Kg6 39. Nd5 f3 40. gxf3
gxh3 41. Rh1 h5 42. Rxh3 h4 43. f4 Bd8 44. Re3 Kf7 45. Rxe6 Kxe6 46. Kc4 h3 47.
Bg1 Kf7 48. Ne3 Kg6 49. Bh2 Bh4 50. b5 Bd8 51. b6 1-0

[Event "Tbilisi Municipality Cup 2010"]
[Site "?"]
[Date "2010.05.20"]
[Round "6.22"]
[White "Qalagashvili, Pridon"]
[Black "Lomsadze, Davit"]
[Result "0-1"]
[WhiteElo "2161"]
[BlackElo "2366"]
[PlyCount "118"]
[EventDate "2010.??.??"]
[SourceDate "2010.05.20"]

1. c4 g6 2. Nc3 Bg7 3. g3 Nf6 4. Bg2 O-O 5. Nf3 d6 6. O-O e5 7. d3 Nbd7 8. Rb1
h6 9. b4 Ne8 10. a4 f5 11. Ne1 Kh7 12. a5 a6 13. Bd2 c6 14. Nc2 Ndf6 15. Na4
Be6 16. Nb6 Rb8 17. Bc3 Nd7 18. Na4 Nc7 19. Na3 d5 20. b5 axb5 21. cxb5 c5 22.
Qc2 Qe7 23. Rfc1 Rbc8 24. Bb2 Ne8 25. b6 f4 26. Nb5 fxg3 27. hxg3 Qf7 28. Rf1
d4 29. Bc1 c4 30. Ba3 Ndf6 31. Bxf8 Bxf8 32. Na7 cxd3 33. Qxd3 Rc4 34. Nb2 Rc3
35. Qd2 Bd5 36. Bxd5 Qxd5 37. Nd3 Qe6 38. Kg2 Ne4 39. Qd1 Ng5 40. Rh1 Qd5+ 41.
Kg1 Nd6 42. a6 Nde4 43. Rh2 Nc5 44. Nxc5 Bxc5 45. axb7 Qxb7 46. Nb5 Rc4 47. Rc1
d3 48. Rxc4 dxe2 49. Rxh6+ Kxh6 50. Qxe2 Nf3+ 51. Kf1 Bxb6 52. Qd3 e4 53. Qc3
Qd5 54. Kg2 Ne1+ 55. Qxe1 e3+ 56. f3 Qxc4 57. Nd6 Qa2+ 58. Kf1 Qh2 59. Qb4 Qh1+
0-1

[Event "Tbilisi Municipality Cup 2010"]
[Site "?"]
[Date "2010.05.20"]
[Round "6.24"]
[White "Amirkhanashvili, Archil"]
[Black "Shavtavaladze, Nikoloz"]
[Result "0-1"]
[WhiteElo "2101"]
[BlackElo "2437"]
[PlyCount "106"]
[EventDate "2010.??.??"]
[SourceDate "2010.05.20"]

1. Nf3 g6 2. e4 d6 3. d4 Nf6 4. Bd3 Bg7 5. O-O O-O 6. h3 Nc6 7. c3 e5 8. dxe5
dxe5 9. Qc2 Nh5 10. Rd1 Nf4 11. Bf1 Qf6 12. Bxf4 exf4 13. Nbd2 g5 14. Nh2 h5
15. Re1 g4 16. Rad1 Ne5 17. Nc4 Be6 18. Nxe5 Qxe5 19. Qd3 Qg5 20. Kh1 Rad8 21.
Qb5 Qxb5 22. Bxb5 a6 23. Be2 g3 24. Nf3 Bxa2 25. Kg1 Bb3 26. Ra1 Rfe8 27. Bf1
Bf8 28. Ra5 c5 29. Ra3 c4 30. Ra5 b5 31. fxg3 Bc5+ 32. Kh1 fxg3 33. e5 Bf2 34.
Rea1 Re6 35. Be2 f6 36. Rxa6 Rxa6 37. Rxa6 fxe5 38. Ra1 Kg7 39. Ng5 Rd2 40.
Bxh5 Bc2 41. Bf3 Bd3 42. h4 Rxb2 43. Ne6+ Kh6 44. Ng5 b4 45. Ra6+ Kg7 46. Ne6+
Kg8 47. Ra8+ Kf7 48. Nd8+ Kg7 49. Ra1 bxc3 50. h5 c2 51. h6+ Kxh6 52. Ra6+ Rb6
53. Nf7+ Kg7 0-1

[Event "Tbilisi Municipality Cup 2010"]
[Site "?"]
[Date "2010.05.20"]
[Round "6.25"]
[White "Tsereteli, Tamar"]
[Black "Tsikhelashvili, Giorgi"]
[Result "1/2-1/2"]
[WhiteElo "2402"]
[BlackElo "2116"]
[PlyCount "81"]
[EventDate "2010.??.??"]
[SourceDate "2010.05.20"]

1. e4 c5 2. Nf3 Nc6 3. d4 cxd4 4. Nxd4 Nf6 5. Nc3 e6 6. Ndb5 Bb4 7. a3 Bxc3+ 8.
Nxc3 d5 9. exd5 exd5 10. Bd3 O-O 11. O-O Bg4 12. f3 Be6 13. Ne2 Qb6+ 14. Kh1 d4
15. Nf4 Bd7 16. Qe1 Rfe8 17. Qh4 h6 18. Ne2 Ne5 19. Qxd4 Nxd3 20. Qxd3 Bb5 21.
c4 Rad8 22. Qc2 Ba4 23. Qxa4 Rxe2 24. Bf4 Nh5 25. c5 Qxc5 26. Rac1 Qe7 27. Bc7
Rdd2 28. Rg1 Rxb2 29. Qxa7 Qg5 30. Qc5 Rxg2 31. Qxg5 Rxg5 32. Rxg5 hxg5 33. Rc5
f6 34. h4 Nf4 35. Bxf4 gxf4 36. Rc4 Ra2 37. Rb4 Rxa3 38. Kg2 Kh7 39. Rxb7 Kh6
40. Rb4 g5 41. Rb6 1/2-1/2